Library Banner

Muslims in the West: (Record no. 101817)

MARC details
000 -LEADER
fixed length control field 00454nam a22001577a 4500
005 - DATE AND TIME OF LATEST TRANSACTION
control field 20180118101307.0
008 - FIXED-LENGTH DATA ELEMENTS--GENERAL INFORMATION
fixed length control field 180118b xxu||||| |||| 00| 0 eng d
020 ## - INTERNATIONAL STANDARD BOOK NUMBER
International Standard Book Number 0860371301
040 ## - CATALOGING SOURCE
Transcribing agency PK-LaUMT
082 ## - DEWEY DECIMAL CLASSIFICATION NUMBER
Classification number PKAC 305.6297101812
Item number ABU-M
100 ## - MAIN ENTRY--PERSONAL NAME
Personal name Abul Hasan Ali Nadwi
245 ## - TITLE STATEMENT
Title Muslims in the West:
Remainder of title the message and mission/
Statement of responsibility, etc Abul Hasan Ali Nadwi
260 ## - PUBLICATION, DISTRIBUTION, ETC. (IMPRINT)
Place of publication, distribution, etc Leicester:
Name of publisher, distributor, etc The Islamic Foundation,
Date of publication, distribution, etc 1983
300 ## - PHYSICAL DESCRIPTION
Extent 191
942 ## - ADDED ENTRY ELEMENTS (KOHA)
Koha item type Books
Holdings
Withdrawn status Lost status Damaged status Home library Current library Date acquired Full call number Barcode Date last seen Price effective from Koha item type
      UMT Main Campus UMT Main Campus 2018-01-18 PKAC 305.6297101812 ABU-M 117730 2018-01-18 2018-01-18 Books